|
|
|
|
| LEADER |
00978nam a2200277 a 4500 |
| 001 |
c000102805 |
| 003 |
CARM |
| 005 |
19940124000000.0 |
| 008 |
790809r19791978enk 000 1 eng d |
| 015 |
|
|
|a B7925967
|
| 019 |
1 |
|
|a 3412109
|5 LACONCORD2021
|
| 020 |
|
|
|a 057502626X :
|c L.4.50
|
| 035 |
|
|
|a (OCoLC)59189725
|5 LACONCORD2021
|
| 040 |
|
|
|a BNB
|b eng
|c BNB
|d ABN:1V
|
| 082 |
0 |
4 |
|a 823/.9/1
|2 18
|
| 100 |
1 |
|
|a McLeave, Hugh.
|
| 245 |
1 |
2 |
|a A borderline case /
|c Hugh McLeave.
|
| 260 |
|
|
|a London :
|b Gollancz,
|c 1979.
|
| 300 |
|
|
|a [5], 210 p. ;
|c 21cm.
|
| 490 |
0 |
|
|a [Gollancz thriller]
|
| 500 |
|
|
|a Fiction in English, 1900-. Texts (BNB/PRECIS)
|
| 500 |
|
|
|a Originally published: New York : Scribner, 1978.
|
| 650 |
|
0 |
|a English fiction.
|
| 852 |
8 |
|
|b CARM
|h A2:AG04A0
|i B03358
|p 0159232
|f BK
|
| 999 |
f |
f |
|i 000f9f52-77a0-5e8b-801e-49af75bc489f
|s 31c2afbd-d232-5a37-98a3-8a235d8ba1b7
|
| 952 |
f |
f |
|p Can circulate
|a CAVAL
|b CAVAL
|c CAVAL
|d CARM 1 Store
|e B03358
|f A2:AG04A0
|h Other scheme
|i book
|m 0159232
|